La intervención de Floridablanca en la redacción del Breve para la supresión de los jesuítas (1772-1773) / (Record no. 113771)

MARC details
000 -LEADER
campo de control de longitud fija 01079nam a2200253 i 4500
001 - NÚMERO DE CONTROL
campo de control 113771
003 - IDENTIFICADOR DE NÚMERO DE CONTROL
campo de control ES-MaACL
005 - FECHA Y HORA DE LA ÚLTIMA TRANSACCIÓN
campo de control 20251202150838.0
007 - CAMPO FIJO DE DESCRIPCIÓN FÍSICA--INFORMACIÓN GENERAL
campo de control de longitud fija t|
008 - DATOS DE LONGITUD FIJA--INFORMACIÓN GENERAL
campo de control de longitud fija 061121s1915 sp |||| | spa d
100 1# - ENTRADA PRINCIPAL--NOMBRE DE PERSONA
Nombre de persona Pacheco y de Leyva, Enrique,
Fechas asociadas al nombre 1878-1924
9 (RLIN) 88141
245 13 - MENCIÓN DEL TÍTULO
Título La intervención de Floridablanca en la redacción del Breve para la supresión de los jesuítas (1772-1773) /
Mención de responsabilidad, etc. Enrique Pacheco y de Leyva.
260 ## - PUBLICACIÓN, DISTRIBUCIÓN, ETC.
Lugar de publicación, distribución, etc. Madrid :
Nombre del editor, distribuidor, etc. [s.n],
Fecha de publicación, distribución, etc. 1915 (
Fabricante Imp. Blass y Cª)
300 ## - DESCRIPCIÓN FÍSICA
Extensión 164 p. ;
Dimensiones 27 cm.
530 ## - NOTA DISPONIBLE DE FORMULARIO FÍSICO ADICIONAL
Nota de formato físico adicional disponible Disponible en formato digital.
594 ## - Nota al título y mención de responsabilidad
Nota al título y mención de responsabilidad Precede al tít.: Junta para Ampliación de Estudios e Investigaciones Científicas. Escuela Española en Roma.
600 14 - PUNTO DE ACCESO ADICIONAL DE MATERIA--NOMBRE DE PERSONA
Nombre de persona Floridablanca, José Moñino
Títulos y otros términos asociados al nombre Conde de.
9 (RLIN) 51333
610 24 - PUNTO DE ACCESO ADICIONAL DE MATERIA--NOMBRE DE ENTIDAD CORPORATIVA
Nombre de entidad corporativa o nombre de jurisdicción como elemento de entrada Jesuitas-
Subdivisión geográfica España-
Subdivisión cronológica S.XVIII.
9 (RLIN) 149153
710 2# - ENTRADA AGREGADA--NOMBRE DE ENTIDAD CORPORATIVA
Nombre de entidad corporativa o nombre de jurisdicción como elemento de entrada Escuela Española de Historia y Arqueología en Roma.
9 (RLIN) 165844
852 ## - LOCALIZACIÓN
Ubicación ES-MaACL
Número de control de estantería B-4907
Ubicación en estantería Sala Pardo Bazán
856 4# - LOCALIZACIÓN Y ACCESO ELECTRÓNICOS
Identificador Uniforme de Recursos <a href="https://archive.org/details/laintervencinde00italgoog/page/n7 ">https://archive.org/details/laintervencinde00italgoog/page/n7 </a>
Texto de enlace (Internet Archive)
942 ## - ELEMENTOS DE ENTRADA SECUNDARIOS (KOHA)
Fuente del sistema de clasificación o colocación Clasificación decimal universal
Holdings
Estatus retirado Estado de pérdida Estado de daño No para préstamo Colección Biblioteca de origen Biblioteca actual Ubicación en estantería Fecha de adquisición Fuente de adquisición Total de préstamos Signatura topográfica completa Código de barras Visto por última vez Precio de reemplazo Tipo de ítem Koha
        Colección digital Biblioteca del Ateneo de Madrid Biblioteca del Ateneo de Madrid Sala Pardo Bazán 17/01/2008     B-4907 1118654 23/02/2023 23/02/2023 Libro impreso